| 000 | 02170nam a22003015a 4500 | ||
|---|---|---|---|
| 003 | OSt | ||
| 005 | 20180121115607.0 | ||
| 008 | 180121s2018 ua frb 000 0 ara d | ||
| 017 | _a2017 / 26831 | ||
| 020 | _a9789774002394 | ||
| 040 |
_aEG-ScBUE _bara _cEG-ScBUE |
||
| 043 | _af-ua--- | ||
| 082 | 0 | 4 |
_a345.6208 _bخ ي ا _222 |
| 100 | 1 | _aخياط، محمد إبراهيم. | |
| 245 | 1 | 0 |
_aجرائم الأطفال في ضوء القانون رقم 126 لسنة 2008 والمعدل للقانون 12 لسنة 96 بشان الطفل : _bمعلقا عليها بأحدث أحكام محكمة النقض / _cمحمد إبراهيم الخياط. |
| 250 | _aط. 1. | ||
| 260 |
_aالقاهرة : _bدار محمود للنشر والتوزيع، _c2018. |
||
| 300 |
_a250 ص. ؛ _c24 سم. |
||
| 504 | _aيشتمل على إرجاعات ببليوجرافية. | ||
| 520 | 0 | _aمشكلة جناح الأطفال - المسئولية الجنائية للطفل - مسئولية الطفل في الشريعة الإسلامية - مسئولية الطفل في القانون المصري والتشريعات المختلفة - التدابير التي توقع على الأطفال - الأحكام الإجرائية لمحاكمة الأطفال - مرحلة محاكمة الأطفال - تشكيل محاكم الأحداث اختصاص محكمة الأحداث - الإجراءات المتبعة أمام محكمة الأحداث - الاستثناءات الخاصة بقانون الأحداث - الاستعانة بمدافع عن الحدث - طرق الطعن في الأحكام - المعارضة الاستئناف - النقض - جميع أحكام النقض المتعلقة بجرائم الأحداث - الاتفاقيات الدولية الموقعة عليها مصر. | |
| 541 |
_aأ. محمد الخياط ؛ _cإهداء ؛ |
||
| 650 | 7 |
_aجناح الأحداث _xقوانين وتشريعات _zمصر. _2BUEsh |
|
| 650 | 7 |
_aجناح الأحداث (فقه إسلامي) _2BUEsh |
|
| 650 | 7 |
_aالجريمة والمجرمون _zمصر. _2BUEsh _941139 |
|
| 651 | _2BUEsh | ||
| 653 |
_bLLAAWW _cJanuary2018 |
||
| 942 | _2ddc | ||
| 999 |
_c25967 _d25939 |
||